[Event "Vanja Somov's Mem.- Young Stars 2009"]
[Site " Kirishi RUS"]
[Date "2009.05.09"]
[Round "1"]
[White "Ganichev, Alexander"]
[Black "Naroditsky, Daniel"]
[Result "0-1"]
[WhiteElo "2154"]
[BlackElo "2335"]
[PlyCount "64"]
[EventDate "2009.05.09"]
[EventType "tourn"]
[EventRounds "11"]
[EventCountry "RUS"]
[EventCategory "5"]
[Source "lmi"]
[SourceDate "2009.05.09"]

1. e4 c5 2. Nf3 d6 3. d4 cxd4 4. Nxd4 Nf6 5. Nc3 a6 6. f4 Qc7 7. a4 g6 8. Nf3
Nbd7 9. Bd3 Bg7 10. O-O O-O 11. Kh1 b6 12. Qe2 Bb7 13. Bd2 Nc5 14. f5 d5 15.
exd5 Nxd3 16. Qxd3 Rad8 17. fxg6 hxg6 18. Ng5 Qd7 19. Be3 Nxd5 20. Nxd5 Qxd5
21. Qxd5 Rxd5 22. c3 Bh6 23. Rad1 Rfd8 24. Rxd5 Rxd5 25. c4 Bxg5 26. cxd5 Bxe3
27. Rd1 Bc5 28. h3 f5 29. Kh2 Bd6+ 30. Kg1 f4 31. Kf2 Kf7 32. h4 Kf6 0-1

[Event "Vanja Somov's Mem.- Young Stars 2009"]
[Site " Kirishi RUS"]
[Date "2009.05.09"]
[Round "1"]
[White "Chan, Yi-Ren Daniel"]
[Black "Bukavshin, Ivan"]
[Result "1/2-1/2"]
[WhiteElo "2375"]
[BlackElo "2365"]
[PlyCount "132"]
[EventDate "2009.05.09"]
[EventType "tourn"]
[EventRounds "11"]
[EventCountry "RUS"]
[EventCategory "5"]
[Source "lmi"]
[SourceDate "2009.05.09"]

1. e4 c5 2. Nf3 d6 3. d4 cxd4 4. Nxd4 Nf6 5. Nc3 Nc6 6. Bc4 e6 7. Bb3 Be7 8.
Be3 a6 9. Qe2 Qc7 10. O-O-O Na5 11. g4 b5 12. g5 Nxb3+ 13. axb3 Nd7 14. Nf5
exf5 15. Nd5 Qd8 16. exf5 Bb7 17. f6 Bxd5 18. Rxd5 gxf6 19. Bd4 Kf8 20. Qh5 h6
21. gxh6 Ne5 22. h7 Qc7 23. Qh6+ Ke8 24. Qg7 Qc6 25. Bxe5 Rxh7 26. Qg8+ Kd7 27.
Qg4+ Kc7 28. Bxd6+ Bxd6 29. Rhd1 Rd8 30. Kb1 Rxh2 31. Qd4 Rd7 32. c4 bxc4 33.
bxc4 f5 34. c5 Bxc5 35. Rxd7+ Kb6 36. Qe5 Qe4+ 37. Qxe4 fxe4 38. Rxf7 Rxf2 39.
Rxf2 Bxf2 40. Rd6+ Kb5 41. Re6 e3 42. Kc2 a5 43. Re4 a4 44. Kd3 a3 45. bxa3 Ka5
46. Kc2 Kb5 47. a4+ Ka5 48. Kb3 Ka6 49. Re6+ Ka5 50. Re5+ Ka6 51. Kc4 Bg1 52.
Kb4 Bf2 53. Re6+ Kb7 54. Kb5 Ka7 55. a5 Kb7 56. Re7+ Kb8 57. Kc6 Ka8 58. Kb5
Kb8 59. a6 e2 60. Rxe2 Bg1 61. Re7 Bf2 62. Kc6 Bg1 63. Rf7 Ka8 64. Rf1 Be3 65.
Kb5 Ka7 66. Rf7+ Ka8 1/2-1/2

[Event "Vanja Somov's Mem.- Young Stars 2009"]
[Site " Kirishi RUS"]
[Date "2009.05.09"]
[Round "1"]
[White "Stukopin, Andrey"]
[Black "Belous, Vladimir"]
[Result "1/2-1/2"]
[WhiteElo "2380"]
[BlackElo "2414"]
[PlyCount "40"]
[EventDate "2009.05.09"]
[EventType "tourn"]
[EventRounds "11"]
[EventCountry "RUS"]
[EventCategory "5"]
[Source "lmi"]
[SourceDate "2009.05.09"]

1. d4 d5 2. c4 c6 3. cxd5 cxd5 4. Nc3 Nf6 5. Nf3 Nc6 6. Bf4 Bf5 7. e3 e6 8. Bd3
Bxd3 9. Qxd3 Bd6 10. Bxd6 Qxd6 11. O-O O-O 12. Rfc1 a6 13. a3 Rac8 14. Rc2 Rc7
15. Rac1 Rfc8 16. Na4 Na5 17. Nd2 Rxc2 18. Rxc2 Rxc2 19. Qxc2 Qc6 20. Qxc6 Nxc6
1/2-1/2

[Event "Vanja Somov's Mem.- Young Stars 2009"]
[Site " Kirishi RUS"]
[Date "2009.05.09"]
[Round "1"]
[White "Shimanov, Aleksandr"]
[Black "Fedoseev, Vladimir"]
[Result "1-0"]
[WhiteElo "2519"]
[BlackElo "2318"]
[PlyCount "123"]
[EventDate "2009.05.09"]
[EventType "tourn"]
[EventRounds "11"]
[EventCountry "RUS"]
[EventCategory "5"]
[Source "lmi"]
[SourceDate "2009.05.09"]

1. d4 Nf6 2. c4 g6 3. Nc3 Bg7 4. e4 O-O 5. Be2 d6 6. Bg5 Na6 7. Qd2 Qe8 8. Bd1
e5 9. d5 Nd7 10. Nge2 f5 11. exf5 gxf5 12. f3 e4 13. f4 e3 14. Qc1 Nb6 15. Bb3
h6 16. Bh4 Nc5 17. Qc2 c6 18. O-O cxd5 19. cxd5 Bd7 20. Rf3 Rc8 21. Rd1 Nxb3
22. axb3 Bb5 23. Be1 Rc5 24. Nd4 Bd7 25. Nde2 Rf7 26. Qd3 Re7 27. Bh4 Re4 28.
Rg3 Kh8 29. Nxe4 fxe4 30. Qxe3 Nxd5 31. Qf2 Qh5 32. Bd8 e3 33. Rxe3 Nxe3 34.
Qxe3 Bb5 35. Rd2 Rc8 36. Be7 Re8 37. Nc3 Bc6 38. Qe6 Qc5+ 39. Kf1 Qb4 40. Qxd6
Qxb3 41. Bf6 Qf7 42. Bxg7+ Qxg7 43. g3 Kg8 44. Re2 Rxe2 45. Kxe2 Qg4+ 46. Ke1
Qh5 47. Qe6+ Kf8 48. h4 Qf3 49. Qxh6+ Kf7 50. Qh7+ Kf6 51. Qh6+ Kf7 52. Qg5
Qe3+ 53. Ne2 Qe4 54. Qe5 Qd3 55. f5 Bd7 56. g4 Qc4 57. Qd4 Qc6 58. Kd2 a5 59.
Nf4 Qc7 60. g5 Kg8 61. Qd5+ Kh8 62. Ng6+ 1-0

[Event "Vanja Somov's Mem.- Young Stars 2009"]
[Site " Kirishi RUS"]
[Date "2009.05.09"]
[Round "1"]
[White "Ipatov, Alexander"]
[Black "Narayanan, Srinath"]
[Result "1/2-1/2"]
[WhiteElo "2486"]
[BlackElo "2381"]
[PlyCount "39"]
[EventDate "2009.05.09"]
[EventType "tourn"]
[EventRounds "11"]
[EventCountry "RUS"]
[EventCategory "5"]
[Source "lmi"]
[SourceDate "2009.05.09"]

1. d4 Nf6 2. c4 e6 3. Nc3 Bb4 4. a3 Bxc3+ 5. bxc3 c5 6. f3 d5 7. cxd5 Nxd5 8.
dxc5 Qa5 9. e4 Ne7 10. Qd4 Nbc6 11. Qe3 O-O 12. Rb1 Rd8 13. Kf2 f5 14. Nh3 fxe4
15. Qxe4 Nd5 16. Bd3 Nf6 17. Qe3 Nd5 18. Qe4 Nf6 19. Qe3 Nd5 20. Qe4 1/2-1/2

[Event "Vanja Somov's Mem.- Young Stars 2009"]
[Site " Kirishi RUS"]
[Date "2009.05.09"]
[Round "1"]
[White "Dubov, Daniil"]
[Black "Kovalev, Vladislav"]
[Result "1/2-1/2"]
[WhiteElo "2372"]
[BlackElo "2320"]
[PlyCount "46"]
[EventDate "2009.05.09"]
[EventType "tourn"]
[EventRounds "11"]
[EventCountry "RUS"]
[EventCategory "5"]
[Source "lmi"]
[SourceDate "2009.05.09"]

1. e4 c5 2. Nf3 Nc6 3. Nc3 e5 4. Bc4 d6 5. O-O Be7 6. d3 Nf6 7. h3 O-O 8. a3 h6
9. Rb1 a6 10. Ba2 b5 11. b4 Be6 12. Nd5 c4 13. Nxf6+ Bxf6 14. dxc4 bxc4 15. Be3
Re8 16. Nd2 Ne7 17. Qe2 Qd7 18. Rfe1 Qc6 19. c3 Bg5 20. Bxg5 hxg5 21. a4 Qxa4
22. Bxc4 Bxc4 23. Nxc4 Qc6 1/2-1/2

[Event "Vanja Somov's Mem.- Young Stars 2009"]
[Site " Kirishi RUS"]
[Date "2009.05.10"]
[Round "2"]
[White "Naroditsky, Daniel"]
[Black "Kovalev, Vladislav"]
[Result "1-0"]
[WhiteElo "2335"]
[BlackElo "2320"]
[PlyCount "69"]
[EventDate "2009.05.09"]
[EventType "tourn"]
[EventRounds "11"]
[EventCountry "RUS"]
[EventCategory "5"]
[Source "lmi"]
[SourceDate "2009.05.09"]

1. e4 c5 2. Nc3 Nc6 3. g3 g6 4. Bg2 Bg7 5. d3 d6 6. Be3 e6 7. Qd2 Rb8 8. Nge2
b5 9. a3 a5 10. d4 b4 11. axb4 axb4 12. Nd1 cxd4 13. Nxd4 Nge7 14. Nxc6 Nxc6
15. Bh6 O-O 16. Bxg7 Kxg7 17. Ne3 Qb6 18. Ng4 f5 19. exf5 gxf5 20. Qh6+ Kf7 21.
Qxh7+ Ke8 22. Qg6+ Kd8 23. Qg7 Re8 24. Nf6 Rb7 25. Qg5 Ree7 26. Ng8 Qb5 27.
Nxe7 Rxe7 28. Qe3 Ne5 29. Qe2 Qxe2+ 30. Kxe2 Rc7 31. Rhc1 Nc4 32. b3 Nb6 33.
Kd2 Rc3 34. h4 e5 35. h5 1-0

[Event "Vanja Somov's Mem.- Young Stars 2009"]
[Site " Kirishi RUS"]
[Date "2009.05.10"]
[Round "2"]
[White "Fedoseev, Vladimir"]
[Black "Ipatov, Alexander"]
[Result "1/2-1/2"]
[WhiteElo "2318"]
[BlackElo "2486"]
[PlyCount "82"]
[EventDate "2009.05.09"]
[EventType "tourn"]
[EventRounds "11"]
[EventCountry "RUS"]
[EventCategory "5"]
[Source "lmi"]
[SourceDate "2009.05.09"]

1. e4 e5 2. Nf3 Nf6 3. Nxe5 d6 4. Nc4 Nxe4 5. d4 d5 6. Ne3 c6 7. Bd3 Nd7 8. Nd2
Nxd2 9. Bxd2 Nf6 10. O-O Be7 11. Nf5 Bxf5 12. Bxf5 O-O 13. Re1 Re8 14. c3 Qc7
15. Qf3 Bd6 16. h4 Rxe1+ 17. Rxe1 Re8 18. Rxe8+ Nxe8 19. Qe2 Qe7 20. Qxe7 Bxe7
21. Bf4 Bd6 22. Bd2 Bc7 23. Bd7 Kf8 24. Bxe8 Kxe8 25. Kf1 Ke7 26. Ke2 Ke6 27.
Kf3 h5 28. Bf4 Bd8 29. Be5 g6 30. g3 Kf5 31. Bd6 a6 32. Bf4 Be7 33. Bd2 Bd6 34.
Bc1 f6 35. Bd2 Bb8 36. Bc1 Bd6 37. Bd2 g5 38. Bc1 Bf8 39. hxg5 fxg5 40. Kg2 b5
41. f3 a5 1/2-1/2

[Event "Vanja Somov's Mem.- Young Stars 2009"]
[Site " Kirishi RUS"]
[Date "2009.05.10"]
[Round "2"]
[White "Belous, Vladimir"]
[Black "Shimanov, Aleksandr"]
[Result "1-0"]
[WhiteElo "2414"]
[BlackElo "2519"]
[PlyCount "63"]
[EventDate "2009.05.09"]
[EventType "tourn"]
[EventRounds "11"]
[EventCountry "RUS"]
[EventCategory "5"]
[Source "lmi"]
[SourceDate "2009.05.09"]

1. d4 Nf6 2. c4 g6 3. Nc3 Bg7 4. e4 O-O 5. Nf3 d6 6. h3 Na6 7. Bg5 Qe8 8. Be2
e5 9. d5 Nh5 10. g3 f5 11. Nd2 Nf6 12. g4 h6 13. Bh4 fxe4 14. Ndxe4 Nxe4 15.
Nxe4 Rf4 16. Bf3 b5 17. Bg3 bxc4 18. Bxf4 exf4 19. O-O Nb4 20. Qe1 Qb5 21. a4
Qb7 22. Nd2 Nd3 23. Qe4 Qb4 24. Nxc4 Nc5 25. Qxg6 Ba6 26. Rfe1 Qxc4 27. Re7 Qd4
28. Rae1 Rf8 29. Re8 Kh8 30. Qf7 Rxe8 31. Rxe8+ Kh7 32. Qf5# 1-0

[Event "Vanja Somov's Mem.- Young Stars 2009"]
[Site " Kirishi RUS"]
[Date "2009.05.10"]
[Round "2"]
[White "Bukavshin, Ivan"]
[Black "Stukopin, Andrey"]
[Result "1-0"]
[WhiteElo "2365"]
[BlackElo "2380"]
[PlyCount "39"]
[EventDate "2009.05.09"]
[EventType "tourn"]
[EventRounds "11"]
[EventCountry "RUS"]
[EventCategory "5"]
[Source "lmi"]
[SourceDate "2009.05.09"]

1. d4 d5 2. Nf3 Nf6 3. c4 dxc4 4. Nc3 e6 5. e4 Bb4 6. Bg5 c5 7. e5 h6 8. exf6
hxg5 9. fxg7 Rg8 10. Qc2 Rxg7 11. O-O-O g4 12. dxc5 Qa5 13. Ne5 Qxc5 14. Nxc4
Qc7 15. Nb5 Qf4+ 16. Kb1 Nc6 17. g3 Qb8 18. Bg2 Rg5 19. Ncd6+ Ke7 20. Qh7 1-0

[Event "Vanja Somov's Mem.- Young Stars 2009"]
[Site " Kirishi RUS"]
[Date "2009.05.10"]
[Round "2"]
[White "Ganichev, Alexander"]
[Black "Chan, Yi-Ren Daniel"]
[Result "1/2-1/2"]
[WhiteElo "2154"]
[BlackElo "2375"]
[PlyCount "95"]
[EventDate "2009.05.09"]
[EventType "tourn"]
[EventRounds "11"]
[EventCountry "RUS"]
[EventCategory "5"]
[Source "lmi"]
[SourceDate "2009.05.09"]

1. e4 e5 2. Nf3 Nc6 3. Bb5 Nge7 4. O-O g6 5. c3 Bg7 6. d4 exd4 7. cxd4 a6 8.
Ba4 b5 9. Bb3 d6 10. a4 b4 11. a5 O-O 12. d5 Na7 13. Nbd2 Nb5 14. h3 h6 15. Nc4
Kh7 16. Bd2 f5 17. exf5 Nxf5 18. Ra4 Nbd4 19. Nxd4 Bxd4 20. Ne3 Bc5 21. Nxf5
Bxf5 22. Be3 Bd7 23. Ra1 Bxe3 24. fxe3 Qg5 25. Rf3 Kg8 26. Kh1 Rae8 27. Rxf8+
Rxf8 28. Qe2 Kg7 29. Rc1 Qg3 30. Kg1 Bxh3 31. Rxc7+ Kg8 32. Rc2 Bf5 33. Rc1 Be4
34. Rf1 Rxf1+ 35. Kxf1 Qh2 36. Qg4 Bf5 37. Qxb4 h5 38. Qb8+ Kh7 39. Qb7+ Kh6
40. Qxa6 Be4 41. Ke1 Qg1+ 42. Kd2 Qb1 43. Kc3 Qc1+ 44. Kb4 Qe1+ 45. Ka4 Qa1+
46. Kb4 Qe1+ 47. Ka4 Qa1+ 48. Kb4 1/2-1/2

[Event "Vanja Somov's Mem.- Young Stars 2009"]
[Site " Kirishi RUS"]
[Date "2009.05.11"]
[Round "3"]
[White "Shimanov, Aleksandr"]
[Black "Bukavshin, Ivan"]
[Result "1/2-1/2"]
[WhiteElo "2519"]
[BlackElo "2365"]
[PlyCount "41"]
[EventDate "2009.05.09"]
[EventType "tourn"]
[EventRounds "11"]
[EventCountry "RUS"]
[EventCategory "5"]
[Source "lmi"]
[SourceDate "2009.05.09"]

1. d4 d5 2. Nf3 Nf6 3. c4 c6 4. e3 Bg4 5. h3 Bxf3 6. Qxf3 e6 7. Nc3 Nbd7 8. Bd2
g6 9. Bd3 Bg7 10. O-O O-O 11. Rfd1 Qe7 12. Qe2 Rad8 13. Rac1 Rfe8 14. a3 dxc4
15. Bxc4 Nb6 16. Bd3 e5 17. dxe5 Qxe5 18. Be1 Nfd5 19. Rc2 Nxc3 20. Bxc3 Qe6
21. Bxg7 1/2-1/2

[Event "Vanja Somov's Mem.- Young Stars 2009"]
[Site " Kirishi RUS"]
[Date "2009.05.11"]
[Round "3"]
[White "Ipatov, Alexander"]
[Black "Belous, Vladimir"]
[Result "0-1"]
[WhiteElo "2486"]
[BlackElo "2414"]
[PlyCount "62"]
[EventDate "2009.05.09"]
[EventType "tourn"]
[EventRounds "11"]
[EventCountry "RUS"]
[EventCategory "5"]
[Source "lmi"]
[SourceDate "2009.05.09"]

1. d4 Nf6 2. c4 g6 3. Nc3 Bg7 4. e4 d6 5. Bd3 O-O 6. Nge2 c6 7. O-O a6 8. f4 e5
9. fxe5 dxe5 10. Bg5 exd4 11. e5 dxc3 12. exf6 Re8 13. Nxc3 Nd7 14. Ne4 Bf8 15.
Qc2 Ne5 16. Be2 Qd4+ 17. Kh1 Bf5 18. Rxf5 gxf5 19. Ng3 Ng4 20. Bxg4 Qxg4 21.
Qxf5 Qxf5 22. Nxf5 Re5 23. Rf1 Rae8 24. Bd2 Rd8 25. Nh6+ Bxh6 26. Bxh6 Rf5 27.
Rc1 Re8 28. Bd2 Rxf6 29. h3 Rg6 30. Bc3 Re2 31. Rd1 f5 0-1

[Event "Vanja Somov's Mem.- Young Stars 2009"]
[Site " Kirishi RUS"]
[Date "2009.05.11"]
[Round "3"]
[White "Kovalev, Vladislav"]
[Black "Narayanan, Srinath"]
[Result "1/2-1/2"]
[WhiteElo "2320"]
[BlackElo "2381"]
[PlyCount "57"]
[EventDate "2009.05.09"]
[EventType "tourn"]
[EventRounds "11"]
[EventCountry "RUS"]
[EventCategory "5"]
[Source "lmi"]
[SourceDate "2009.05.09"]

1. e4 c5 2. Nf3 d6 3. d4 cxd4 4. Nxd4 Nf6 5. Nc3 a6 6. Be2 e5 7. Nb3 Be7 8. O-O
O-O 9. a4 Be6 10. f4 exf4 11. Bxf4 Nc6 12. Kh1 Rc8 13. Nd4 Qb6 14. Nxe6 fxe6
15. Bg4 Nxg4 16. Qxg4 Qxb2 17. Qxe6+ Kh8 18. Nd5 Rce8 19. Bxd6 Bxd6 20. Qxd6
Rf2 21. Qc5 Rxf1+ 22. Rxf1 h6 23. Rf8+ Rxf8 24. Qxf8+ Kh7 25. Qf5+ Kh8 26. Qf8+
Kh7 27. Qf5+ Kh8 28. h4 Qxc2 29. Qf8+ 1/2-1/2

[Event "Vanja Somov's Mem.- Young Stars 2009"]
[Site " Kirishi RUS"]
[Date "2009.05.12"]
[Round "4"]
[White "Naroditsky, Daniel"]
[Black "Narayanan, Srinath"]
[Result "0-1"]
[WhiteElo "2335"]
[BlackElo "2381"]
[PlyCount "170"]
[EventDate "2009.05.09"]
[EventType "tourn"]
[EventRounds "11"]
[EventCountry "RUS"]
[EventCategory "5"]
[Source "lmi"]
[SourceDate "2009.05.09"]

1. d4 Nf6 2. c4 g6 3. Nc3 Bg7 4. e4 d6 5. Nf3 O-O 6. h3 e5 7. d5 Nh5 8. Nh2 Qe8
9. Be2 Nf4 10. Bf3 f5 11. Nf1 Na6 12. g3 fxe4 13. Nxe4 Nxh3 14. Bg2 Nc5 15.
Bxh3 Nxe4 16. Be3 Bxh3 17. Rxh3 Qd7 18. Rh4 Qf5 19. Qe2 Rf7 20. Qg4 Qxg4 21.
Rxg4 Nxf2 22. Rh4 Raf8 23. Ke2 e4 24. Nd2 Nd3 25. Rah1 h5 26. Nxe4 Ne5 27. Ng5
Rf5 28. Ne6 R8f7 29. Re4 Ng4 30. Ng5 Rf8 31. Ne6 Nf2 32. Nxg7 R5f7 33. Bxf2
Rxf2+ 34. Kd3 R8f3+ 35. Re3 Kxg7 36. Rb1 Rxe3+ 37. Kxe3 Rc2 38. Kd4 Rg2 39. Re1
Kf6 40. Rf1+ Ke7 41. Re1+ Kd7 42. Re3 Rxb2 43. Re6 Rxa2 44. Rxg6 b6 45. Rg5 Rg2
46. Rxh5 Rxg3 47. Rh8 a5 48. Ra8 Ra3 49. Ke4 a4 50. Kd4 Ra1 51. Kc3 a3 52. Kb3
Rb1+ 53. Kc2 Ra1 54. Kb3 a2 55. Ra4 b5 56. cxb5 Rb1+ 57. Kxa2 Rxb5 58. Rd4 Rc5
59. Kb3 Ke7 60. Re4+ Kf6 61. Re6+ Kf7 62. Rh6 Kg7 63. Re6 Kf8 64. Rf6+ Ke7 65.
Rh6 Rxd5 66. Kc4 Rc5+ 67. Kd4 Kd7 68. Rh7+ Kc6 69. Rg7 Ra5 70. Kc4 Ra4+ 71. Kb3
Rh4 72. Kc3 d5 73. Kd3 Kd6 74. Rg6+ Kc5 75. Rg1 Rh3+ 76. Kd2 d4 77. Rc1+ Kd6
78. Rg1 Kd5 79. Rg5+ Kc4 80. Kc1 Rh2 81. Kb1 c5 82. Rf5 d3 83. Kc1 Kd4 84. Kd1
c4 85. Rf8 Kc3 0-1

[Event "Vanja Somov's Mem.- Young Stars 2009"]
[Site " Kirishi RUS"]
[Date "2009.05.12"]
[Round "4"]
[White "Ganichev, Alexander"]
[Black "Shimanov, Aleksandr"]
[Result "0-1"]
[WhiteElo "2154"]
[BlackElo "2519"]
[PlyCount "138"]
[EventDate "2009.05.09"]
[EventType "tourn"]
[EventRounds "11"]
[EventCountry "RUS"]
[EventCategory "5"]
[Source "lmi"]
[SourceDate "2009.05.09"]

1. e4 c5 2. Nf3 e6 3. d4 cxd4 4. Nxd4 a6 5. c4 Nf6 6. Nc3 Qc7 7. a3 b6 8. Be3
Bb7 9. f3 Be7 10. Be2 O-O 11. O-O d6 12. Rc1 Nbd7 13. Qd2 Rac8 14. b4 Qb8 15.
Kh1 Bd8 16. Rfd1 Bc7 17. Bg1 Rfe8 18. Qb2 h5 19. Bf1 Ne5 20. Qf2 Bd8 21. Na4 h4
22. h3 Ng6 23. Bh2 Bc7 24. Nb3 Ba8 25. Rb1 Bc6 26. b5 axb5 27. cxb5 Ba8 28. Nd2
Qa7 29. Rb4 e5 30. Bg1 d5 31. Nxb6 Bxb6 32. Qxb6 Qxa3 33. Rb3 Qa2 34. Qa6 Qc2
35. Rbb1 dxe4 36. Rbc1 Qxc1 37. Rxc1 Rxc1 38. b6 Rd1 39. Be3 Rd8 40. Kg1 exf3
41. b7 Bxb7 42. Qxb7 fxg2 43. Kxg2 R8xd2+ 44. Bxd2 Rxd2+ 45. Kg1 Rd7 46. Qb5
Re7 47. Kf2 Nf4 48. Qb4 N6d5 49. Qe4 g6 50. Bc4 Nf6 51. Qf3 Kg7 52. Kg1 Rc7 53.
Bf1 N6d5 54. Qe4 f6 55. Qa4 Rc3 56. Qe8 Kh6 57. Qd7 Rg3+ 58. Kh1 Ne3 59. Qb5
Nxf1 60. Qxf1 Rxh3+ 61. Kg1 Rg3+ 62. Kh2 Kg5 63. Qc1 e4 64. Qc5+ f5 65. Qd6 e3
66. Qe7+ Kg4 67. Kh1 e2 68. Qe8 Rd3 69. Kh2 Rd2 0-1

[Event "Vanja Somov's Mem.- Young Stars 2009"]
[Site " Kirishi RUS"]
[Date "2009.05.13"]
[Round "5"]
[White "Stukopin, Andrey"]
[Black "Naroditsky, Daniel"]
[Result "1-0"]
[WhiteElo "2380"]
[BlackElo "2335"]
[PlyCount "123"]
[EventDate "2009.05.09"]
[EventType "tourn"]
[EventRounds "11"]
[EventCountry "RUS"]
[EventCategory "5"]
[Source "lmi"]
[SourceDate "2009.05.09"]

1. e4 c5 2. Nc3 d6 3. g3 Nc6 4. d3 g6 5. Be3 Bg7 6. Qd2 Rb8 7. Bg2 b5 8. Nge2
b4 9. Nd1 Nd4 10. O-O e6 11. Nc1 Ne7 12. c3 bxc3 13. bxc3 Ndc6 14. Bh6 O-O 15.
Bxg7 Kxg7 16. Ne3 Ba6 17. f4 f5 18. exf5 exf5 19. Nb3 Qd7 20. Rfe1 Rbe8 21. Re2
Ng8 22. Rae1 Nf6 23. c4 h6 24. Nd5 Rxe2 25. Rxe2 Nxd5 26. Bxd5 Re8 27. Kf2
Rxe2+ 28. Qxe2 Nb4 29. Bg2 Qa4 30. Qe7+ Kg8 31. Ke2 Qxa2+ 32. Nd2 Qc2 33. Qxd6
Kg7 34. Qc7+ Kh8 35. Qb8+ Kh7 36. Qxa7+ Kh8 37. Qb8+ Kh7 38. Qc7+ Kh8 39. Qd8+
Kh7 40. Bf3 Na2 41. Qc7+ Kh8 42. Qb8+ Kh7 43. Qa7+ Kh8 44. Qxa6 Nc3+ 45. Ke3
Qc1 46. Qc8+ Kh7 47. Qc7+ Kh8 48. Qe5+ Kh7 49. Bd5 Qe1+ 50. Kf3 Qd1+ 51. Kg2
Qxd2+ 52. Kh3 Nxd5 53. Qxd5 Kg7 54. Qxc5 Qxd3 55. Qe7+ Kg8 56. Qf6 Qf1+ 57. Kh4
g5+ 58. Kh5 Qe2+ 59. Kg6 Qe8+ 60. Kxh6 Qd7 61. Kxg5 Qd1 62. Qg6+ 1-0

[Event "Vanja Somov's Mem.- Young Stars 2009"]
[Site " Kirishi RUS"]
[Date "2009.05.13"]
[Round "5"]
[White "Shimanov, Aleksandr"]
[Black "Chan, Yi-Ren Daniel"]
[Result "1-0"]
[WhiteElo "2519"]
[BlackElo "2375"]
[PlyCount "59"]
[EventDate "2009.05.09"]
[EventType "tourn"]
[EventRounds "11"]
[EventCountry "RUS"]
[EventCategory "5"]
[Source "lmi"]
[SourceDate "2009.05.09"]

1. e4 e5 2. Nf3 Nc6 3. Bc4 Nf6 4. d3 Be7 5. O-O O-O 6. Re1 d6 7. a4 Be6 8. Nc3
Nd7 9. a5 Nc5 10. Nd5 Kh8 11. d4 exd4 12. Nxd4 Bf6 13. c3 Ne5 14. Bf1 Re8 15.
Nxf6 Qxf6 16. b4 Ncd7 17. f4 Nc6 18. f5 Nxd4 19. cxd4 Bxf5 20. exf5 Rxe1 21.
Qxe1 Qxd4+ 22. Be3 Qg4 23. Qc3 c5 24. bxc5 dxc5 25. Bxc5 Rc8 26. Qb4 Qxf5 27.
Bxa7 Ne5 28. Qxb7 h5 29. a6 Rc6 30. Bd4 1-0

[Event "Vanja Somov's Mem.- Young Stars 2009"]
[Site " Kirishi RUS"]
[Date "2009.05.13"]
[Round "5"]
[White "Kovalev, Vladislav"]
[Black "Belous, Vladimir"]
[Result "1/2-1/2"]
[WhiteElo "2320"]
[BlackElo "2414"]
[PlyCount "119"]
[EventDate "2009.05.09"]
[EventType "tourn"]
[EventRounds "11"]
[EventCountry "RUS"]
[EventCategory "5"]
[Source "lmi"]
[SourceDate "2009.05.09"]

1. e4 c5 2. Nf3 Nc6 3. d4 cxd4 4. Nxd4 e5 5. Nb5 d6 6. N1c3 a6 7. Na3 b5 8. Nd5
Nce7 9. c4 Nxd5 10. cxd5 f5 11. exf5 Bxf5 12. Bd3 Qd7 13. O-O Nf6 14. Bg5 Be7
15. Nc2 O-O 16. Ne3 Bxd3 17. Qxd3 Nh5 18. Bxe7 Nf4 19. Qe4 Qxe7 20. g3 Nh3+ 21.
Kg2 Ng5 22. Qg4 g6 23. h4 Nf3 24. Rac1 Nd4 25. Qg5 Qg7 26. h5 Nf3 27. Qg4 gxh5
28. Qxg7+ Kxg7 29. Rc6 Rf7 30. Rfc1 Nd2 31. Rc7 Raf8 32. Nf5+ Kg6 33. Rxf7 Rxf7
34. Nxd6 Rd7 35. Rc6 Kg5 36. Rxa6 h4 37. Nxb5 Kg4 38. Ra4+ e4 39. f3+ Kf5 40.
fxe4+ Nxe4 41. Nd4+ Kf6 42. Nf3 Nxg3 43. Rf4+ Kg7 44. Nxh4 Ne2 45. Re4 Nc1 46.
a4 Rxd5 47. b4 Na2 48. Rc4 Rd3 49. b5 Rb3 50. Nf5+ Kf6 51. Nd4 Rb4 52. Rxb4
Nxb4 53. a5 Ke7 54. Kf3 Kd6 55. Ke4 h5 56. a6 Kc7 57. Ne6+ Kb6 58. Nc5 h4 59.
Nd7+ Ka7 60. Kf4 1/2-1/2

[Event "Vanja Somov's Mem.- Young Stars 2009"]
[Site " Kirishi RUS"]
[Date "2009.05.13"]
[Round "5"]
[White "Narayanan, Srinath"]
[Black "Fedoseev, Vladimir"]
[Result "0-1"]
[WhiteElo "2381"]
[BlackElo "2318"]
[PlyCount "138"]
[EventDate "2009.05.09"]
[EventType "tourn"]
[EventRounds "11"]
[EventCountry "RUS"]
[EventCategory "5"]
[Source "lmi"]
[SourceDate "2009.05.09"]

1. e4 c6 2. d4 d5 3. e5 Bf5 4. Nf3 e6 5. Be2 c5 6. Be3 cxd4 7. Nxd4 Ne7 8. Nd2
Nbc6 9. N2f3 Bg4 10. O-O Bxf3 11. Nxf3 Qc7 12. c4 O-O-O 13. cxd5 Nxd5 14. Qc2
Nxe3 15. fxe3 Rd5 16. Rac1 Bc5 17. Qe4 Qb6 18. Kh1 Bxe3 19. Rc3 Bh6 20. g4 g6
21. g5 Bf8 22. Rfc1 Rc5 23. Nd4 Kd7 24. Nxc6 bxc6 25. Qf3 Ke8 26. Rxc5 Bxc5 27.
b4 Bxb4 28. Rxc6 Qd8 29. Rxe6+ Be7 30. Rc6 Qb8 31. Qc3 Qb7 32. Bf3 Qb1+ 33. Kg2
Qxa2+ 34. Kg3 Bd8 35. Rd6 Qa5 36. Qd4 Bb6 37. Qe4 Kf8 38. Rd5 Qa2 39. e6 Bc7+
40. Kg4 h5+ 41. gxh6 Qxh2 42. Qb4+ Kg8 43. exf7+ Kh7 44. f8=N+ Kxh6 45. Qd2+
Qxd2 46. Rxd2 Rxf8 47. Bc6 Rf4+ 48. Kh3 Rc4 49. Bd5 Rc3+ 50. Kg2 g5 51. Bf3 g4
52. Bd1 Kg5 53. Rd7 g3 54. Rg7+ Kf6 55. Rd7 a5 56. Rd4 Be5 57. Ra4 Rc5 58. Kh3
Ke6 59. Rg4 Rc8 60. Rh4 Rf8 61. Rh6+ Rf6 62. Bb3+ Ke7 63. Rh7+ Kd6 64. Ra7 Rh6+
65. Kg2 Rh2+ 66. Kf3 g2 67. Ra6+ Kc7 68. Rg6 Rh3+ 69. Ke4 Rg3 0-1

[Event "Vanja Somov's Mem.- Young Stars 2009"]
[Site " Kirishi RUS"]
[Date "2009.05.14"]
[Round "6"]
[White "Naroditsky, Daniel"]
[Black "Fedoseev, Vladimir"]
[Result "0-1"]
[WhiteElo "2335"]
[BlackElo "2318"]
[PlyCount "108"]
[EventDate "2009.05.09"]
[EventType "tourn"]
[EventRounds "11"]
[EventCountry "RUS"]
[EventCategory "5"]
[Source "lmi"]
[SourceDate "2009.05.09"]

1. e4 c5 2. Nc3 g6 3. Nf3 Bg7 4. d4 cxd4 5. Nxd4 d6 6. Be3 Nf6 7. f3 O-O 8. Qd2
Nc6 9. Bc4 Bd7 10. O-O-O Rc8 11. Bb3 Ne5 12. Kb1 a6 13. h4 h5 14. Bg5 b5 15. a3
Nc4 16. Bxc4 Rxc4 17. Nb3 Be6 18. Rhe1 Qc7 19. Rc1 Nh7 20. Bh6 Bxc3 21. bxc3
Rc8 22. g4 Rxc3 23. gxh5 Bxb3 24. cxb3 Rxb3+ 25. Ka2 Rc3 26. Rxc3 Qxc3 27. Qxc3
Rxc3 28. hxg6 fxg6 29. h5 Rxf3 30. hxg6 Nf8 31. e5 d5 32. g7 Ne6 33. Rc1 Nxg7
34. Rg1 Kh7 35. Rxg7+ Kxh6 36. Rxe7 Re3 37. Re6+ Kg5 38. Rxa6 Rxe5 39. a4 bxa4
40. Rxa4 Re4 41. Ra5 Rd4 42. Kb2 Kf4 43. Kc3 Ke3 44. Rc5 Rd2 45. Rc8 d4+ 46.
Kb3 Rf2 47. Re8+ Kd2 48. Kb2 Rf7 49. Rb8 d3 50. Rh8 Rb7+ 51. Ka2 Kd1 52. Rd8 d2
53. Ka3 Re7 54. Rh8 Ke2 0-1